| 000 | 00656nam a2200229 a 4500 | ||
|---|---|---|---|
| 001 | BRCA_6949 | ||
| 005 | 20190320205644.0 | ||
| 008 | 171111s1956----u--a######---#000-0#eng-# | ||
| 041 | _aeng | ||
| 044 | _au | ||
| 050 | 4 |
_aND464 _b.G66 1956 |
|
| 245 | 1 | 0 |
_aMasterpieces of British painting _ctext by Irene Gordon |
| 260 |
_a[Estados Unidos _bHarry N. Abrams _cc1956] |
||
| 300 |
_a4 p. _bil. (algunas a color), 16 láminas _c39 cm. |
||
| 440 | 0 |
_aAbrams art book _917317 |
|
| 500 | _aO183 | ||
| 650 | 1 | 4 |
_aPinturas británicas _913000 |
| 650 | 1 | 4 |
_aPintura _zGran Bretaña _917318 |
| 700 | 1 |
_aGordon, Irene _etx. _917319 |
|
| 902 | _aGFM | ||
| 942 |
_2lcc _cB |
||
| 999 |
_c6631 _d6631 |
||